00245nam a2200109Ia 4500008004100000100001500041245002300056260002000079650001400099942000700113999001500120190216s9999||||xx |||||||||||||| ||und|| aVoyutsky S 0aColloid Chemistry bMir Pubs Moscow aChemistry cBK c2111d2111